[Event "Tata Steel-A 78th"]
[Site "Wijk aan Zee"]
[Date "2016.01.18"]
[Round "3"]
[White "Navara, David"]
[Black "Giri, Anish"]
[Result "1/2-1/2"]
[WhiteElo "2730"]
[BlackElo "2798"]
[Annotator "Navara,D"]
[PlyCount "84"]
[EventDate "2016.01.16"]
[EventType "tourn"]
[EventRounds "13"]
[EventCountry "NED"]
[EventCategory "20"]
[SourceTitle "CBM 171"]
[Source "ChessBase"]
[SourceDate "2016.03.14"]
[SourceVersion "2"]
[SourceVersionDate "2016.03.14"]
[SourceQuality "1"]

1. d4 Nf6 2. c4 g6 3. Nc3 d5 4. Nf3 Bg7 5. Qb3 dxc4 6. Qxc4 O-O 7. e4 a6 8. Be2
b5 9. Qb3 c5 10. dxc5 Bb7 ({The alternative} 10... Be6 11. Qc2 Nbd7 {is
perfectly playable as well. I had prepared an idea, but it would hardly bring
me more than a draw.}) 11. e5 Nfd7 12. Be3 e6 13. O-O ({Engines might prefer} 
13. a4 $5 {, but Black seems to equalise after} Qa5 14. O-O b4 15. Na2 Nc6 16.
Rfd1 Nxc5 {, even though there are still some problems to be solved after both}
17. Qc4 {and} (17. Qc2 {.})) 13... Qc7 14. Rad1 (14. a4 Nxc5 15. Qb4 Nxa4 16.
Nxa4 bxa4 17. Rfc1 Qd7 $11) 14... Nxc5 15. Qa3 Ne4 $5 {This move was new to me.
} ({My knowledge of} 15... Ncd7 16. Qe7 Rc8 {was not perfect, either. At least
I had seen the following game:} 17. a4 b4 $6 (17... bxa4 $1 {Stohl}) 18. Ne4
Nf8 19. Qh4 Bxe4 20. Qxe4 Nbd7 21. Qxb4 Nxe5 22. Nxe5 Qxe5 23. Qd6 Qxb2 24. Bf3
Be5 25. Qd3 Rab8 26. Qxa6 Rc3 27. Qa5 Bc7 28. Qa7 Rc4 29. Rc1 Rbb4 30. Rxc4
Rxc4 31. g3 Qa3 32. Bd1 h5 33. Qb7 h4 34. Qb3 Rc3 35. Qxa3 Rxa3 36. Bc5 Rc3 37.
Bb4 Rc4 38. Bd2 Nd7 39. Bb3 Rd4 40. Rd1 hxg3 41. hxg3 Nc5 42. Be3 Rb4 43. Bxc5
Rxb3 44. Rd7 Ba5 45. Kg2 Rc3 46. Be7 Kg7 47. g4 Rc4 48. g5 Bc3 49. Rd3 Be5 50.
a5 Rc6 51. Ra3 Ra6 52. Bd8 Kf8 53. Kf3 Ke8 54. Bb6 Bd6 55. Ra2 Be7 56. Kg4 f5+
57. gxf6 Bxf6 58. Kf4 Kd7 59. Ke4 Bc3 60. Kd3 Bf6 61. Kc4 Kc6 62. Rc2 {1-0 (62)
Gelfand,B (2744)-Svidler,P (2734) Khanty-Mansiysk 2015 CBM 167 [Stohl,I]}) 16.
Nxe4 Bxe4 17. Ng5 (17. Bc5 Rc8 18. Bd6 Qb7 $11) 17... Bc6 $1 (17... Bd5 $2 18.
Rxd5 $1 exd5 19. e6 f6 20. e7 Re8 21. Bf3 $16) (17... Bb7 $2 18. Bc5 (18. f4 $5
{might be even stronger}) 18... Qxe5 (18... Re8) 19. Bf3 $1 $16) 18. f4 Qb7 ({
I expected} 18... h6 19. Nf3 ({I also considered} 19. Nh3 {, but it should not
pose Black too many problems.}) 19... Qb7 (19... Rc8 $1 {might equalise, but
White still maintains some initiative.}) {, but White can maintain the
initiative after} 20. h4 $1 $36 {(Komodo)} {The following line demonstrates
the dangers that can await Black if he is careless:} h5 $6 (20... Rc8 $5) 21.
Ng5 $1 Bxg2 $2 22. Rf3 $3 Bxf3 23. Bxf3 Nc6 24. Qc3 Rac8 25. Rc1 $16 Na5 $2 26.
Bxb7 Rxc3 27. Rxc3 Nxb7 28. Rc7 Na5 29. b3 $1 $18 {and Black loses his knight.
Needless to say, I did not see anything of this.}) (18... Nd7 $2 {is plainly
bad on account of} 19. Rc1 Qb7 20. Rxc6 $1 Qxc6 21. Bf3 Qc8 22. Rc1 $1 Qb8 23.
Bxa8 Qxa8 24. Qd6 $16) 19. Bc5 ({The simple continuation} 19. Bf3 Bxf3 20. Nxf3
$36 {would have preserved some pressure, but I had completely different plans
and also did not feel that optimistic about 19.Bf3.}) 19... Re8 $2 ({Black
should have played} 19... h6 $1 {.} {After} 20. Nh7 $1 (20. Nf3 Rc8) (20. Nxe6
fxe6 21. Bxf8 Bxf8 22. Qh3 $13) 20... Rc8 21. Nf6+ Bxf6 22. exf6 {he seems to
hold with} Nd7 $1 ({, whereas} 22... Bxg2 $2 23. Rf2 Bd5 24. Qh3 $1 $18 {
gives White a crushing attack, the sample line being} Kh7 25. Rd3 $1 Rxc5 26.
Qxh6+ Kxh6 27. Rh3# {. Still, 22...Nd7 requires a more detailed analysis.})) (
19... Rc8 $2 {is not an improvement, as} 20. Qh3 h6 21. Nxe6 $1 fxe6 22. Qxe6+
{gives White a strong attack.}) 20. f5 $3 exf5 {Black has to accept the
sacrifice.} 21. Rxf5 $1 gxf5 22. Bh5 Bd5 $1 {Anish choses the most tenacious
defence.} (22... Ra7 $6 23. e6 $1 fxe6 24. Bxe8 Bxe8 25. Qe3 $1 $16 {is very
bad for Black.}) (22... h6 $2 23. Bxf7+ Kh8 24. Qh3 Bxg2 {loses to} 25. Qh5 $1
{(Komodo)} (25. Qxf5 Be4 $1) 25... Bh1 26. Bd5 $1 Bxd5 27. Qxe8+ Bg8 28. Rd8
$18) (22... Rf8 23. Bxf7+ $6 ({Much stronger is} 23. Qb3 $1 {, as pointed by
GM Igor Stohl in Ceskoslovensky sach 2/2016. He has shown all the following
lines:} Be8 (23... Bxe5) 24. Bxf8 Kxf8 (24... Bxf8 25. e6 {and the attack
breaks through}) 25. Bxf7 $1 (25. e6 {is also enough}) 25... Qa7+ 26. Kh1 Bxf7
27. Rd8+ Ke7 28. Qxf7+ Kxd8 29. Ne6+ Kc8 30. Qe8+ Kb7 31. Qe7+ Nd7 32. Qxd7+
Kb6 33. Qd6+ Ka5 34. Qa3+ Kb6 35. Qc5+ Ka5 36. b4+ Ka4 37. Qc3 {with a mate to
follow. Igor points out that this line resembles the famous Kasparov - Topalov
game from Wijk aan Zee 1999.}) 23... Rxf7 24. Rd8+ {looked crushing to me. In
fact, the game continues, but White maintains a big advantage:} Rf8 25. Qb3+ $1
({I wonder if I saw} 25. Bxf8 $4 Qb6+ {.}) 25... Bd5 26. Rxd5 Kh8 27. Bxf8 Bxf8
28. Rd8 Nc6 29. Qf7 $1 Qxf7 30. Nxf7+ Kg7 31. Rxa8 Kxf7 32. Rxa6 $16 {, as}
Nxe5 $6 (32... Bc5+ 33. Kf1 Nd4 $16) 33. Ra5 $1 {should be technically winning
for White.}) (22... Nd7 $2 {loses to} 23. Bxf7+ Kh8 24. Qh3 h6 25. Rd6 $1 $18 (
25. Qxf5 $2 Be4 $1)) 23. Rxd5 ({After the game Anish showed me the following
line:} 23. e6 $6 Bxe6 24. Nxe6 Nc6 25. Nxg7 Kxg7 {. After} 26. Qg3+ Kh8 {
there might be a perpetual, but hardly more.}) 23... Qxd5 24. Bxf7+ Qxf7 25.
Nxf7 Kxf7 26. Qb3+ Kg6 27. Qg3+ {I still had enough time, but decided to get
closer to the time control.} ({I also considered} 27. h4 $2 {but rejected it
on account of} Rxe5 $2 (27... Bxe5 $1 {is stronger:} 28. Qd5 Bg3 29. Bb4 (29.
h5+ Kg5) 29... Nd7 30. Qxd7 Rad8 {should be fine for Black}) 28. h5+ Kf6 $2 {
. It is very hard to spot that White is winning a whole rook after} 29. Bf2 $3
$18 {, e.g.} Ke7 ({or} 29... Kg5 30. Qf7 Bh6 31. Qb7) 30. Qg8 Bf6 31. Qxh7+ Ke6
32. Qb7 {.}) 27... Kf7 28. Qb3+ ({An even stronger move was} 28. Bd4 $1 {
(Not a very natural move!)} Nc6 29. e6+ Kxe6 30. Bxg7 $16 {, as Black's king
would have remained exposed.}) 28... Kg6 29. Qg3+ Kf7 30. Qf3 $6 (30. Bd4 $1)
30... Nd7 $1 (30... Nc6 $2 {loses to} 31. Qd5+ $1 Re6 32. Qd7+ Ne7 33. Bxe7
Rxe7 34. Qd5+ $18) 31. Qd5+ Kg6 32. Qc6+ ({It was better to play} 32. Qxd7 $1
Bxe5 33. h4 {, but I could not see anything concrete after} h5 {. The
following line should be tenable for Black:} 34. Qc6+ Kg7 35. Qb7+ Kg6 36. Qb6+
Kh7 37. Bd4 Bxd4+ 38. Qxd4 Re1+ $1 39. Kh2 (39. Kf2 Rae8) 39... Re4 40. Qf6 Rg4
41. Qxf5+ Kh6 $14 {and White can hardly break through. There is naturally some
room for improvements.}) 32... Nf6 $2 ({Anish rejected} 32... Bf6 $1 {on
account of} 33. Bd4 $1 Rad8 {(My calculation had not gone that far...)} 34.
exf6 Ne5 $1 35. Bxe5 Rxe5 $2 ({, but Black can hold after} 35... Rd1+ $1 36.
Kf2 Rxe5 {. White can still try} 37. f7+ $1 (37. Qxa6 Rd2+ 38. Kf3 Rd3+ {
leads to a perpetual}) 37... Kxf7 38. Qh6 $1 $14 {, but I do not really
believe I could win this. I have had a bad experience with the Q:2R endgames.})
36. f7+ $1 Kg7 (36... Kxf7 37. Qc7+) 37. f8=Q+ $1 Rxf8 38. Qc7+ Kf6 39. Qd6+
$18) 33. exf6 Rac8 (33... Bxf6 $2 34. Be7 $6 ({Much stronger is} 34. Bd4 $1 Rf8
35. Bxf6 Rac8 36. Qe6 $1 {, as pointed out by Igor Stohl in Ceskoslovensky
sach 2/2016. He gives the following line:} Rc1+ 37. Kf2 Rc2+ (37... Rxf6 38.
Qg8+ {does not change anything - Stohl}) 38. Kf1 $1 Rxf6 39. Qg8+ Kh6 40. h4
Rg6 41. Qf8+ Rg7 42. g4 $1 fxg4 43. Qf4+ {and White wins the c2-rook}) 34...
Rxe7 35. Qxa8 {should be lost for Black, whose king is very weak.}) 34. Qxa6
Ra8 (34... Bxf6 35. Bd4 Rf8 36. Bxf6 (36. h3 $5) 36... Rc1+ 37. Kf2 Rxf6 38.
Qxb5 $16 {looked very promising to me.}) 35. f7+ ({In retrospect it made sense
to repeat the position, playing} 35. Qc6 Rac8 36. Qa6 Ra8 37. f7+ {. But I
still had enough time and also felt uncertain whether the game continuation
was better than 34...Bxf6.}) 35... Kxf7 36. Qxb5 Rad8 37. Qb3+ Kg6 ({After} 
37... Re6 {White can play} 38. a4 $1 (38. Bb4 $16 {is a solid option,
preserving the advantage.}) 38... Rd2 39. a5 {, not caring about the pawn.}
Bxb2 $1 (39... Rxb2 40. Qd5 $18) 40. a6 Kf6 41. Bf2 Rxf2 $1 42. Kxf2 Bd4+ 43.
Kf3 Rxa6 44. Qb4 $1 {The mighty Komodo says White is winning thanks to the
poor co-ordination of Black's pieces. It is the case, but I would still feel
uncertain about it.} Be5 (44... Ba1 45. h4 $1 {is not a big improvement for
Black.}) 45. Qf8+ Kg5 (45... Kg6 46. Qe8+ Kf6 47. Qh8+ Ke6 48. Qc8+ $18) 46.
h4+ $1 Kxh4 47. Qc5 $3 $18 {might look simple when watching online, but
actually is very difficult for a decent player. The whole line is pretty
irrelevant in practical play.}) 38. Qg3+ Kf7 39. Qb3+ (39. Qg5 Bxb2 40. Qxf5+
Kg8 {also leaves Back with a tough defensive task, but winning such a position
is still far from easy.}) 39... Kg6 40. Bd6 $2 {I went down to the last
seconds before playing this move. I wanted to restrict Black's rook, but
putting pieces en prise is usually very risky, especially with little time
left.} ({A much stronger try was} 40. h4 $1 {, a move which I had originally
planned.} {The following line includes the suggestions of giants like Anish
Giri, GM Tukmakov and Komodo.} Be5 ({I disliked} 40... Bf6 {, but} 41. Qg3+ Kf7
42. Qf3 $16 {preserves excellent winning chances.}) 41. a4 Rd2 42. a5 Rxb2 43.
Qd5 {and Black will soon have to give up some material for the a-pawn, as} Bg3
$4 {fails to} 44. Qc6+ Kf7 45. Qd7+ {. With the pawn still on f7, Black could
hope to set up a fortress with a rook against the queen, but here it looks
extremely unlikely.}) 40... Bxb2 $1 {White's advantage is gone. Black had
other good options as well.} (40... Bd4+ 41. Kf1 Re3 42. Qb4 Re4 $1 {(Giri)
would also give Black sufficient counterplay.}) 41. Qxb2 Rxd6 42. h3 Ra6 {
After the fall of the a-pawn there is nothing to play for. Except to justify
the starting fee, of course. (In fact, there are more reasons to visit Wijk
aan Zee, as it is a very nice tournament with its friendly chess atmosphere. I
would like to thank the organisers for inviting me once more, it was an honour
for me to participate in the main tournament.)} 1/2-1/2